Online Catalogue and eLibrary

Muwanpalassa (Record no. 5399)

MARC details
000 -LEADER
fixed length control field 00394nam a2200169Ia 4500
005 - DATE AND TIME OF LATEST TRANSACTION
control field 20250411005645.0
008 - FIXED-LENGTH DATA ELEMENTS--GENERAL INFORMATION
fixed length control field 240331s9999 xx 000 0 und d
020 ## - INTERNATIONAL STANDARD BOOK NUMBER
ISBN 9555733481
082 ## - DDC Classification
Item Number - Author Mark SOM
Class No. 891
100 ## - MAIN ENTRY--PERSONAL NAME
Personal name Somarathne,M
245 #0 - TITLE STATEMENT
Title Muwanpalassa
250 ## - EDITION STATEMENT
Edition statement 3rd
260 ## - PUBLICATION, DISTRIBUTION, ETC.
Place of publication, distribution, etc. Nugegoda
Name of publisher, distributor, etc. Sarasavi publication
Date of publication, distribution, etc. 2007
300 ## - PHYSICAL DESCRIPTION
Extent (e.g. Volumes, Pages etc.) 150 p .,
650 ## - SUBJECT ADDED ENTRY--TOPICAL TERM
Topical term or geographic name entry element Radio Tele drama
942 ## - Koha item type (Biblio)
Koha item type Books in Stacks (Lending)
Holdings
Lost status Damaged status Collection code Home library Current library Shelving location Date acquired Full call number Accession Number Item type
    Lending WERC Library WERC Library Social Science Cupboard 03/31/2024 891.48 SOM 2642 Books in Stacks (Lending)

© WERC Library